|
|
|
|
| LEADER |
00660nab a2200205 i 4500 |
| 001 |
tisza4106 |
| 005 |
20200330123820.0 |
| 008 |
170324s1966 hu o 0|| hun d |
| 022 |
|
|
|a 0133-1167
|
| 040 |
|
|
|a SZTE Tiszatáj Archívum
|b hun
|
| 041 |
|
|
|a hun
|
| 100 |
1 |
|
|a Gyárfás Endre
|
| 245 |
1 |
0 |
|a Fekete nap
|h [elektronikus dokumentum] :
|b [vers] : Porscht Frigyes festményére /
|c Gyárfás Endre
|
| 260 |
|
|
|c 1966
|
| 300 |
|
|
|a 361
|
| 490 |
0 |
|
|a Tiszatáj
|v 20 No. 5
|
| 695 |
|
|
|a Magyar irodalom - vers
|
| 700 |
0 |
1 |
|a Porscht Frigyes
|
| 700 |
0 |
1 |
|a Porscht Frigyes
|e aut
|
| 856 |
4 |
0 |
|u http://tiszataj.bibl.u-szeged.hu/4106/1/tiszataj_1966_005_361.pdf
|z Dokumentum-elérés
|